| 000 | 00839nam a22002297a 4500 | ||
|---|---|---|---|
| 999 |
_c7700 _d7700 |
||
| 008 | 230404b ||||| |||| 00| 0 eng d | ||
| 020 | _a9788419471185 | ||
| 040 | _aCDMR | ||
| 245 |
_aInnovar en periodismo _b: de la desinformación al metaverso _c/ José Francisco Serrano Oceja, Cristina Jaramillo Sánchez (editores) |
||
| 260 |
_aValencia : _bTirant Lo Blanch, _c2023 |
||
| 300 |
_a344 pàgines _c; 24 cm |
||
| 490 | _aTirant humanidades | ||
| 650 | 0 |
_93188 _aPremsa digital |
|
| 650 | 0 |
_94286 _aDesinformació |
|
| 650 | 0 |
_94829 _aMetavers |
|
| 650 | 0 |
_93083 _aCompetències professionals |
|
| 650 | 0 |
_94722 _aIntel·ligència artificial _xAspectes ètics i morals |
|
| 650 | 0 |
_94834 _aPeriodisme immersiu |
|
| 700 |
_94832 _aSerrano Oceja, José Francisco |
||
| 700 |
_94833 _aJaramillo Sánchez, Cristina |
||
| 942 |
_2udc _cMON |
||